|
|
|
|
| LEADER |
00000nlm0a2200000 4500 |
| 001 |
55439 |
| 005 |
20240207104456.0 |
| 035 |
|
|
|a (RuTPU)RU\TPU\book\58186
|
| 090 |
|
|
|a 55439
|
| 100 |
|
|
|a 20030916d2003 k y0rusy50 ca
|
| 101 |
0 |
|
|a rus
|
| 102 |
|
|
|a RU
|
| 105 |
|
|
|a a dm 001zy
|
| 135 |
|
|
|a drbn ---uucaa
|
| 181 |
|
0 |
|a i
|
| 182 |
|
0 |
|a b
|
| 200 |
1 |
|
|a Технологические особенности использования кварцсодержащего и щелочесодержащего сырья Западной Сибири в стекловарении
|e автореферат диссертации на соискание ученой степени кандидата технических наук
|f И. В. Фролова
|g Томский политехнический университет ; науч. рук. В. И. Верещагин
|
| 203 |
|
|
|a Текст
|c электронный
|
| 210 |
|
|
|a Томск
|c [Б. и.]
|d 2003
|
| 215 |
|
|
|a 1 файл (996 Kb)
|
| 300 |
|
|
|a Заглавие с титульного экрана
|
| 300 |
|
|
|a Электронная версия печатной публикации
|
| 337 |
|
|
|a Adobe Reader
|
| 452 |
|
1 |
|0 (RuTPU)RU\TPU\book\56735
|t Технологические особенности использования кварцсодержащего и щелочесодержащего сырья Западной Сибири в стекловарении
|o автореферат диссертации на соискание ученой степени кандидата технических наук
|o спец. 05.17.11
|f И. В. Фролова
|g Томский политехнический университет ; науч. рук. В. И. Верещагин
|c Томск
|n Б.и.
|d 2003
|p 18 с.
|a Фролова, Ирина Владимировна
|
| 610 |
1 |
|
|a химическая технология
|
| 610 |
1 |
|
|a стекло
|
| 610 |
1 |
|
|a производство
|
| 610 |
1 |
|
|a кварцсодержащее сырье
|
| 610 |
1 |
|
|a щелочесодержащее сырье
|
| 610 |
1 |
|
|a стекольные шихты
|
| 610 |
1 |
|
|a сырьевая база
|
| 610 |
1 |
|
|a фазовые превращения
|
| 610 |
1 |
|
|a сырьевые концентраты
|
| 610 |
1 |
|
|a уплотнение
|
| 610 |
1 |
|
|a авторефераты диссертаций
|
| 610 |
1 |
|
|a электронный ресурс
|
| 610 |
1 |
|
|a труды учёных ТПУ
|
| 675 |
|
|
|a 666.12(04)
|v 3
|
| 686 |
|
|
|a 05.17.11
|2 oksvnk
|
| 700 |
|
1 |
|a Фролова
|b И. В.
|c химик-технолог
|c доцент Томского политехнического университета, кандидат технических наук
|f 1976-
|g Ирина Владимировна
|3 (RuTPU)RU\TPU\pers\28011
|9 12993
|
| 702 |
|
1 |
|a Верещагин
|b В. И.
|c химик-технолог
|c профессор Томского политехнического университета, доктор технических наук
|f 1942-
|g Владимир Иванович
|3 (RuTPU)RU\TPU\pers\19774
|4 727
|9 7712
|
| 712 |
0 |
2 |
|a Томский политехнический университет
|3 (RuTPU)RU\TPU\col\376
|
| 801 |
|
1 |
|a RU
|b 63413507
|c 20030916
|g PSBO
|
| 801 |
|
2 |
|a RU
|b 63413507
|c 20151113
|g PSBO
|
| 856 |
4 |
|
|u http://www.lib.tpu.ru/fulltext/a/2003/49.pdf
|
| 942 |
|
|
|c CF
|